000 00726cam a2200265u 4500
999 _c529275
_d529275
001 6087914
003 NUST
005 20190923165012.0
008 821020s1959 enka 000 0 eng
010 _a 60050088
038 _aMSOHAIL
040 _aDLC
_cCarP
_dDLC
050 0 0 _aT353
_b.P27 1959
082 _a0
100 1 _aParkinson, Albert Charles.
_921112
245 1 0 _aIntermediate engineering drawing;
250 _a5th ed.
260 _aLondon,
_bPitman
_c[1959]
300 _a247 p.
_billus.
_c25 cm.
650 0 _aMechanical drawing.
_92841
650 0 _aEngineering drawings.
_921114
650 0 _aMachinery
_xDrawings.
_921113
906 _a0
_bcbc
_cpremunv
_du
_encip
_f19
_gy-gencatlg
942 _2ddc
_cBK